000 00254nam a22000977a 4500
999 _c8582
_d8582
008 180118b ||||| |||| 00| 0 eng d
020 _a9788178553856
100 _aSood. R
_9127
245 _aInformation Technology
260 _aNew Delhi
_bArya Publication
_c2008